000 00355 a2200157 4500
001 48349
020 _a853225070X
040 _cAnchieta - Bela Vista
100 _aMachado, Ana Maria
240 1 0 _aPimenta no cocuruto
_lpor
245 1 0 _aPimenta no cocuruto
300 _a24 p.
362 0 _a2003
650 4 _aLiteratura infanto-juvenil
942 _cBK
999 _c48349
_d48349